Portfolio behaviour of Islamic banks case studies for : Pakistan, 1974 - 1994 and Iran, 1984 - 1994 /
Saved in:
| 主要作者: | |
|---|---|
| 格式: | Thesis |
| 語言: | English |
| 出版: |
Birmingham, England :
University of Birmingham,
1998
|
| 主題: | |
| 標簽: |
添加標簽
沒有標簽, 成為第一個標記此記錄!
|
| LEADER | 012990000a22002890004500 | ||
|---|---|---|---|
| 008 | 120404t1998 xxk f m 000 0 eng d | ||
| 040 | |a UIAM |b eng | ||
| 043 | |a e-uk--- | ||
| 050 | |a HG3368.A6 | ||
| 100 | 1 | |a Kagigi, Kaled Ali Ahmed |9 112451 | |
| 245 | 1 | 0 | |a Portfolio behaviour of Islamic banks case studies for : |b Pakistan, 1974 - 1994 and Iran, 1984 - 1994 / |c by Kaled Ali Ahmed Kagigi |
| 260 | |a Birmingham, England : |b University of Birmingham, |c 1998 | ||
| 300 | |a xiv, 377 p. ; |c 30 cm. | ||
| 336 | |2 rdacontent | ||
| 337 | |2 rdamedia | ||
| 338 | |2 rdacarrier | ||
| 500 | |a "A thesis submitted to the Faculty of Commerce and Social Science of the University of Birmingham for the degree of Doctor of Philosophy." -- On t. p. | ||
| 502 | |a Thesis (Ph. D.) -- University of Birmingham, 1998 | ||
| 504 | |a Includes bibliographical references (leaves 287-304). | ||
| 650 | 0 | |a Banks and banking, Islamic |9 2310 | |
| 650 | 0 | |a Banks and banking |z Pakistan |9 112453 | |
| 650 | 0 | |a Banks and banking |z Islamic countries |9 15849 | |
| 655 | 0 | 7 | |a Theses, Facsimile edition (Islamic) |
| 900 | |a hj-ls-nbm | ||
| 942 | |2 lcc |n 0 | ||
| 999 | |c 434204 |d 465959 | ||
| 952 | |0 0 |6 TI HG 003368 A6 K11P 1998 |7 0 |8 THESES |9 757165 |a IIUM |b IIUM |c MULTIMEDIA |g 640.00 |o ti HG 3368 A6 K11P 1998 |p 00011202275 |r 2017-10-23 |t 1 |v 640.00 |y THESIS | ||
